000 01829nam a2200265 a 4500
001 ASIN1107031753
005 20170105102927.0
008 131213s2013 xxu eng d
020 _a1107031753 (hardcover)
_c$110.00
020 _a9781107031753 (hardcover)
040 _a0
050 0 4 _aBP63.A37
082 0 4 _a297.095409051
_bISL 2013
245 0 0 _aIslamic reform in south asia /
_cFilippo Osella, Caroline Osella.
260 _a[S.l.] :
_bCambridge University Press,
_c2013.
300 _a535 p. ;
_c24 cm.
520 _aThe articles in this volume build up ethnographic analysis complementary to the historiography of South Asian Islam, which has explored the emergence of reformism in the context of specific political and religious circumstances of nineteenth century British India. Taking up diverse popular and scholarly debates as well as everyday religious practices, this volume also breaks away from the dominant trend of mainstream ethnographic work, which celebrates sufi-inspired forms of Islam as tolerant, plural, authentic and so on, pitted against a 'reformist' Islam. Urging a more nuanced examination of all forms of reformism and their reception in practice, the contributions here powerfully demonstrate the historical and geographical specificities of reform projects. In doing so, they challenge prevailing perspectives in which substantially different traditions of reform are lumped together into one reified category (often carelessly shorthanded as 'wah'habism') and branded as extremist - if not altogether demonised as terrorist.
650 0 _aIslam
650 0 _aIslamic renewal
650 0 _aSouth Asia
700 1 _aOsella, Caroline.
700 1 _aOsella, Filippo.
856 4 0 _3Amazon.com
_uhttp://www.amazon.com/exec/obidos/ASIN/1107031753/chopaconline-20
942 _2ddc
_cBK
999 _c15897
_d15897